The ULTIMATE Twin Peaks Knowledge Test. - Statistics

General Stats
  • This quiz has been taken 233 times
  • The average score is 7 of 15
Answer Stats
Questions Answer % Correct
What is the colour of Dougie and Janey-e's front door? red
87%
Who composed the music for Twin Peaks? Angelo Badalamenti
70%
What does Dougie Jones shout whenever he played the slot machine? Hello
67%
How long was the length of time Laura Palmer spoke to Special Agent Dale Cooper whilst both inside the black lodge? 25 years
66%
What was inside the box that Dougie Jones (aka dale cooper) was holding when first meeting the Mitchum Brothers? cherry pie
59%
Who is the first person to see Bob in Twin Peaks? Sarah Palmer
57%
What does Albert say is the foundation of fight against injustice and violence? love
56%
According to the red dwarf in the black lodge, what is always in the air? music
56%
The Woodsman took over a local radio station, finish the sentence repeatedly spoken by the Woodsman over the microphone: "This is the water, and this is the..." well
52%
Windom Earle was married to a woman who later on happened to be lover of Dale Cooper. What was her name? Caroline
37%
What was the name of the sex worker that Dougie Jones slept with just before he was replaced by Dale Cooper? Jade
35%
What was the name of the being impersonating Diane in the return? tulpa
33%
What did Doc Hayward determine killed Josie? fear
32%
The actor who plays Bob, was originally what on the set of Twin Peaks before David Lynch casted him? Set decorator
11%
Catherine impersonates as a Japanese business man to act as buyer for Ghost wood. What was his name? Mr Tojomura
5%
No matching quizzes found
Score Distribution
Percent of People with Each Score
Percentile by Number Answered
Your Score History
You have not taken this quiz